000 01606nam a2200313 a 4500
005 20070314083947.0
008 060818s2006 ii a 001 0beng
010 _aB-268575-579
020 _a8123746555
_c200.00
035 _aB-268575-579
040 _adpl
_bEnglish
082 _a921
100 _aMalhotra, Inder
245 _aIndira Gandhi /
_cby Inder Malhotra.
260 _aNew Delhi
_bNational Book Trust
_c2006
300 _axvi, 197 p. :
_bb&w photos
_c23 cm (Hb)
490 _aNational biography
500 _aIncludes index.
600 _aGandhi, Indira,
_d1917-1984.
650 _aWomen prime ministers
_zIndia
_vBiography.
710 _aNational Book Trust.
942 _2ddc
_cEN
_h921
_mMAL
999 _c16773
_d16773